00756nam a2200205 a 450000100100000000500170001000800410002704000250006808200140009324501100010726000630021730000210028050000620030150000540036370000290041770000330044670000190047970000260049874000260052400002655520200930030302.0110323s1998 py r 000 0 spa d aDO-SdBNPbspacBNPHU axxxbT78701aTreinta y dos narradores del sur /cprólogo de Poli Délano ; antólogos, Horacio Salas ... [et al.]. aAsunción, (Paraguay) :bDon Bosco ;bGrupo Velox,c1998. a406 p. ;c20 cm. aIncluye datos del autor en la solapa de la contracubierta aNotas: "Noticia biobibliográfica" (p. 391-403).1 aDélano, Poli,epról.1 aRomano de Sant´Anna, Alfono1 aFogel, Gerardo1 aBenavides, Washington0 a32 narradores del sur